000 02265nam a22003137i 4500
005 20210920223709.0
008 210907t20192019 a|||e |||| 00| 0 eng d
020 _a9780702076664
_cRM145.19
_qpaperback
040 _aPPAK
_beng
_cPPAK
_erda
082 0 4 _223
_a610.7361
090 0 0 _a610.7361
_bHAR
_dR
100 1 _aHarrison, Richard,
_eauthor.
245 1 2 _aA Nurse's Survival Guide to Acute Medical Emergencies /
_cRichard Harrison, Lynda Daly
250 _aThird Updated Edition
264 1 _aEdinburgh :
_bELSEVIER,
_c2019
264 4 _c©2019
300 _axxiv, 441 pages :
_bcolour illustration ;
_c23 cm
336 _2rdacontent
_atext
337 _2rdamedia
_aunmediated
338 _2rdacarrier
_avolume
490 1 _aNurse's survival guide
504 _aBibliography : page 430.
520 _aAre you a nurse, a physician's associate or a medical student in an acute or emergency unit? This is your indispensable primer of acute medical care - a pocket guide to caring for patients with acute medical conditions. This book will help you to care for patients in the first critical 24 hours of admission manage patients using the most up-to-date evidence based approach understand the most common emergency medical conditions and their underlying disease mechanisms handle the patient's assessment , understand the observations and manage their disease easily obtain clear practical advice know what to tell the patient and relatives using jargon-free language access information on SARS, avian influenza and bio-terrorism This updated edition contains improved sections on stroke care, diabetes and sepsis, introduces the NEWS 2 observation chart has revised its case histories in line with current practice This updated edition: contains improved sections on stroke care, diabetes and sepsis, introduces the NEWS 2 observation chart, has revised its case histories in line with current practice, improved sections on stroke care, diabetes and sepsis, introduction of the NEWS 2 observation chart revised case histories in line with current practice.
650 1 0 _aEmergency nursing
650 2 0 _aMedical emergencies
700 1 _aDaly, Lynda,
_eauthor.
830 0 _aNurse's survival guide
942 _2ddc
_cB
999 _c184854
_d184854